| 000 | 00857nac a22001931u 4500 | ||
|---|---|---|---|
| 008 | 100913t xxu||||| |||| 00| 0 eng d | ||
| 010 | _a 92000541 | ||
| 020 | _a0815513151 | ||
| 082 | 0 | 0 |
_a625.8 _bAHM |
| 100 |
_aAhmed, Imtiaz. _918849 |
||
| 245 | 1 | 0 |
_aUse of Waste Materials in Highway Construction / _cBy Imtiaz Ahmed. |
| 260 |
_aPark Ridge, N.J., U.S.A. : _bNoyes Data Corp., _c1993. |
||
| 300 |
_axi, 114 p. : _bill. ; _c25 cm. |
||
| 504 | _aIncludes bibliographical references (p. 96-111). | ||
| 650 | 0 |
_aWaste products as road materials. _918850 |
|
| 856 | 4 | 2 |
_3Publisher description _uhttp://www.loc.gov/catdir/description/wap041/92000541.html |
| 942 |
_cBB _k625.8AHM _2ddc |
||
| 999 |
_c3983 _d3983 |
||